Football Club Logos #4 - HARD - Statistics

General Stats
  • This quiz has been taken 86 times
  • The average score is 6 of 16
Answer Stats
Picture Answer % Correct
1860 München
69%
Racing Santander
60%
Raków Częstochowa
60%
Fleetwood Town
54%
CD Guadalajara
53%
Al-Ettifaq
52%
Newcastle Jets
38%
Kilmarnock
35%
Millonarios
35%
Zamalek
33%
Unión Española
26%
Kristiansund
20%
Osijek
20%
KV Mechelen
19%
Ararat Yerevan
9%
Jamshedpur
7%
No matching quizzes found
Score Distribution
Percent of People with Each Score
Percentile by Number Answered
Your Score History
You have not taken this quiz